| 000 | 01210cam a2200181ua 4500 | ||
|---|---|---|---|
| 020 | _c17.50 | ||
| 041 |
_aeng _h |
||
| 082 |
_a028.72633 _bIND/RI |
||
| 110 | 1 |
_aIndian council of agricultural research . _bICAR _c(Newdelhi ) |
|
| 245 |
_aRice production manual / _cICAR. _hTextual Documents |
||
| 250 |
_a1 / _b. |
||
| 260 |
_aNew Delhi : _bIndian Council for Agricultural Research , _c1978. |
||
| 300 | _a241 ; . | ||
| 365 | _a17.50 | ||
| 504 | _a | ||
| 942 | _cBK | ||
| 999 |
_c6755 _d6755 |
||